स्त्रियांच्या चळवळी आणि संघटना (Record no. 32053)
[ view plain ]
| 000 -LEADER | |
|---|---|
| fixed length control field | 00509nam a2200157Ia 4500 |
| 008 - FIXED-LENGTH DATA ELEMENTS--GENERAL INFORMATION | |
| fixed length control field | 220531s9999 xx 000 0 und d |
| 041 ## - LANGUAGE CODE | |
| Language code of text/sound track or separate title | mar |
| 100 ## - MAIN ENTRY--PERSONAL NAME | |
| Personal name | देहदराय आणि तांबे अनघा |
| 9 (RLIN) | 55501 |
| 245 ## - TITLE STATEMENT | |
| Title | स्त्रियांच्या चळवळी आणि संघटना |
| 260 ## - PUBLICATION, DISTRIBUTION, ETC. (IMPRINT) | |
| Name of publisher, distributor, etc. | Savitribai Phule Aabhyas Kendra |
| Date of publication, distribution, etc. | 2009 |
| 300 ## - PHYSICAL DESCRIPTION | |
| Extent | 58 |
| 542 ## - INFORMATION RELATING TO COPYRIGHT STATUS | |
| Copyright holder | 04-03-2010 |
| 650 ## - SUBJECT ADDED ENTRY--TOPICAL TERM | |
| Topical term or geographic name as entry element | Sociology |
| 9 (RLIN) | 55502 |
| 906 ## - LOCAL DATA ELEMENT F, LDF (RLIN) | |
| d | 2009-2010 |
| Withdrawn status | Lost status | Source of classification or shelving scheme | Damaged status | Not for loan | Home library | Current library | Date acquired | Vendor | Cost, normal purchase price | Total Checkouts | Total Holds | Full call number | Barcode | Date last seen | Bill Date | Koha item type | Original Barcode |
|---|---|---|---|---|---|---|---|---|---|---|---|---|---|---|---|---|---|
| Dewey Decimal Classification | Shri Siddhivinayak Mahila Mahavidyalaya | Shri Siddhivinayak Mahila Mahavidyalaya | 04/03/2010 | Stree abhyas kendra | 30.00 | 1 | /-/B/13052 | SSMM-BK-13052 | 06/08/2022 | 06/08/2022 | Books | 010013052 |